Faculty of Law Library — Cairo University

Official Online Catalog

Il Diritto Penale Europeo Dell'economia / (Record no. 71793)

MARC details
000 -LEADER
fixed length control field 00915nam a2200277 i 4500
003 - CONTROL NUMBER IDENTIFIER
control field EG-GICUC
005 - DATE AND TIME OF LATEST TRANSACTION
control field 20260502065446.0
008 - FIXED-LENGTH DATA ELEMENTS--GENERAL INFORMATION
fixed length control field 260419s1983 it ||f |||| 00| 0 fr d
040 ## - CATALOGING SOURCE
Original cataloging agency EG-GiCUC
Language of cataloging fre
Transcribing agency EG-GiCUC
Modifying agency EG-GiCUC
Description conventions Rda
041 ## - LANGUAGE CODE
Language code of text/sound track or separate title fre
082 04 - DEWEY DECIMAL CLASSIFICATION NUMBER
Edition number 21
Classification number 343.411040
Item number CO. D
092 04 - LOCALLY ASSIGNED DEWEY CALL NUMBER (OCLC)
Edition number 21
099 ## - LOCAL FREE-TEXT CALL NUMBER (OCLC)
Classification number Law1 10 343.411040 CO. D 1983 1010764
110 2# - MAIN ENTRY--CORPORATE NAME
Form subheading Consiglio Superiore Della Magistratura.
245 13 - TITLE STATEMENT
Title Il Diritto Penale Europeo Dell'economia /
Statement of responsibility, etc. Consiglio Superiore Della Magistratura.
264 #1 - PRODUCTION, PUBLICATION, DISTRIBUTION, MANUFACTURE, AND COPYRIGHT NOTICE
Place of production, publication, distribution, manufacture Roma :
Name of producer, publisher, distributor, manufacturer Arti Grafiche Jasillo,
Date of production, publication, distribution, manufacture, or copyright notice 1983.
300 ## - PHYSICAL DESCRIPTION
Extent 243 Pages ;
Dimensions 24 cm.
336 ## - CONTENT TYPE
Source rda contenu
Content type term texte
337 ## - MEDIA TYPE
Source rda medias
Media type term Ordinateur
338 ## - CARRIER TYPE
Source transporteur rda
Carrier type term Ressource en ligne
650 14 - SUBJECT ADDED ENTRY--TOPICAL TERM
Topical term or geographic name entry element Droit pénal
650 14 - SUBJECT ADDED ENTRY--TOPICAL TERM
Topical term or geographic name entry element Code pénal économique
856 40 - ELECTRONIC LOCATION AND ACCESS
Uniform Resource Identifier <a href="https://fll.law.cu.edu.eg/fulltext/bks/B10-10764.pdf">https://fll.law.cu.edu.eg/fulltext/bks/B10-10764.pdf</a>
905 ## - Cataloger and Reviser Names
Cataloger Name: Mohamed Yosri
Revisor Name: Eman
942 ## - ADDED ENTRY ELEMENTS (KOHA)
Source of classification or shelving scheme Dewey Decimal Classification
Koha item type Books
Edition 21
Suppress in OPAC No
Holdings
Withdrawn status Lost status Source of classification or shelving scheme Damaged status Not for loan Collection Home library Current library Date acquired Total checkouts Full call number Barcode Date last seen Copy number Price effective from Koha item type
    Dewey Decimal Classification   Not for loan القانون الجنائي جــــامعة القــاهرة مكتبة كلية الحقوق - المبنى الرئيسي 19.04.2026   Law1 10 343.411040 CO. D 1983 1010764 C1 B10-10764 19.04.2026 1 19.04.2026 Books

© All rights reserved — Faculty of Law, Cairo University